Loading...
| Painting & Sculpture | 0 | 6 | 2 | 0 | 50 | 56 | 100.67 | 1 | 3 |
| Religion | 0 | 5 | 0 | 0 | 50 | 53 | 100.20 | 0 | 0 |
| Fine Arts - Classical Music | 0 | 6 | 2 | 0 | 50 | 93 | 111.83 | 0 | 2 |
| Any History | 0 | 4 | 1 | 0 | 35 | 106 | 115.50 | 0 | 0 |
| Fine Arts - Other Fine Arts | 0 | 4 | 1 | 2 | 35 | 102 | 127.00 | 0 | 1 |
| History - European History | 0 | 4 | 2 | 2 | 30 | 66 | 114.25 | 1 | 1 |
| Mythology | 0 | 3 | 0 | 1 | 30 | 78 | 108.33 | 0 | 0 |
| Social Science | 0 | 2 | 0 | 1 | 20 | 84 | 108.00 | 0 | 0 |
| Science - Other Science | 0 | 2 | 0 | 1 | 20 | 74 | 106.00 | 0 | 0 |
| History - World History | 0 | 1 | 0 | 1 | 10 | 137 | 137.00 | 0 | 0 |
| History - American History | 0 | 1 | 0 | 0 | 10 | 107 | 107.00 | 0 | 0 |
| Geography | 0 | 1 | 0 | 0 | 10 | 113 | 113.00 | 0 | 0 |
| Philosophy | 0 | 1 | 1 | 0 | 5 | 108 | 108.00 | 0 | 0 |
| Science - Physics | 0 | 1 | 1 | 1 | 5 | 136 | 136.00 | 0 | 0 |
| Literature - World Literature | 0 | 1 | 1 | 0 | 5 | 87 | 87.00 | 0 | 0 |